Car Brands with Short Names - Statistics

General Stats
  • This quiz has been taken 1,321 times
  • The average score is 6 of 13
Answer Stats
Car Brand % Correct
Ford
81%
BMW
75%
Audi
71%
Kia
69%
Fiat
66%
Seat
42%
Opel
38%
Jeep
34%
Mini
34%
Saab
32%
GMC
28%
Tata
21%
Ram
15%
No matching quizzes found
Score Distribution
Percent of People with Each Score
Percentile by Number Answered
Your Score History
You have not taken this quiz